00470nam a2200181 a 45000010014000000030012000140050017000260080041000430200018000840820019001021000027001212450022001482600010001706500043001809420012002230400034002359990019002691772446937718YourLibrary20260302155320.0260302s2005##################000#0#eng## a978140531053604a323.11960bRUB1 aRubel, David,eauthor.10aThe Coming Free : c2005. 0aAfrican American civil rights workers. cENGLISH aYourLibrarybengcYourLibrary c616454d616454